000 00976nam a22002777a 4500
999 _c4165
_d4165
003 AR-CdUCM
008 190228b ||||| |||| 00| 0 spa d
020 _a84-8280-160-0
040 _aMUNICIPALIDAD PROVINCIAL DEL CUSCO
_cBIBLIOTECA MUNICIPAL DEL CUSCO
041 _hgre
082 _a119.61 /
_bR85
100 _aDe Rotterdam, Erasmo
_913203
245 _aElogio de la locura /
260 _aLima ;
_bOveja Negra,
_c1983.
300 _a121 páginas ;
_c16 cm.
440 _aHistoria Universal de la Literatura
_n60
_913204
505 _aErasmo de Rotterdam, a su amigo Tomas Moro: Salud - Introducción - Tema del discurso -Defensa de la propia Alabanza - Cara a Cara de la Necedad...
650 _aErasmo de Rotterdam.
_96874
650 _aInsensatez.
_96875
650 _aFilosofía renacentista.
_96876
650 _aEnsayos filosóficos.
_96877
650 _aLiteratura.
_983
700 _aNortes Valls, Oliveri
_913205
942 _2ddc
_cLIBROS
945 _apjha